000
00231 a2200097 4500
001
15074
100
_a
Toumelin Jacquesyues le
245
_a
Kurun around the world
260
_a
London
_b
Rupert hart davis
_c
090
_c
11829
_d
11829
942
_a
NUST-CAE
_c
M
_c
2035
999
_c
250147
_d
250147